000 02141nam0a2200385 4500
001 RU\NLR\bibl\1237051
005 20260405160731.0
021 _aRU
_b2008-28128
_91557
035 _a(NLR Aleph) 001347290
090 _a898402
_c898402
100 _a20080605d2007 |||y0rusy50 ca
101 0 _arus
_aara
102 _aRU
105 _ay |||||||||
200 1 _aХрестоматия по курсу "История арабской литературы"
_fВ.Н. Иванов, М.В. Николаева
_gМ-во образования и науки РФ, Моск. гос. лингв. ун-т
210 _aМосква
_cГруппа компаний "Издательство Технической Литературы"
_d2007
215 _a146 с.
_d22
300 _aНа обл.: История арабской литературы: хрестоматия / Николаева М.В., Иванов В.Н.
300 _aНа обороте тит.л. 2-й авт.: М.В. Николаева, к.филол.н., доц.
300 _aТекст на рус. и араб. яз.
512 1 _6z11790
_aИстория арабской литературы
_eхрестоматия
606 1 _aАрабская литература
_jХрестоматии для высших учебных заведений
_91001749
_3RU\NLR\auth\6662286
686 _aШ5(0)961.3я73-3
700 1 _4070
_8rus
_7ca
_aИванов
_bВ. Н.
_cфилолог-арабист
_3RU\NLR\AUTH\7767324
_950252
701 1 _4070
_8rus
_7ca
_aНиколаева
_bМ. В.
_cканд. филол. наук
_gМария Владимировна
_3RU\NLR\auth\7727905
_910936
790 1 _4070
_8rus
_7ca
_aНиколаева
_bМ. В.
_cканд. филол. наук
_gМария Владимировна
_3RU\NLR\auth\7727905
_910936
790 1 _4070
_8rus
_7ca
_aИванов
_bВ. Н.
_cфилолог-арабист
_3RU\NLR\auth\7767324
_950252
801 0 _aRU
_bNLR
_c20080605
_gRCR
801 1 _aRU
_bNLR
_c20080605
852 _aNLR
_bОЛСАА-араб
_j3-5344
942 _cBOOK
980 _aNB
980 1 _aARAB